| 000 | 00839cam a2200181 4500 | ||
|---|---|---|---|
| 001 | ##L134288 | ||
| 008 | 060724n 000 0 eng u | ||
| 035 | _a(Sirsi) u134288 | ||
| 041 | 0 | _aeng | |
| 050 | 0 | 4 | _a333.0062 $2 18 |
| 110 | 2 |
_aRating and Valuation Association _91873 |
|
| 245 | 0 | 0 | _aAnnual general meeting |
| 260 |
_a[S.l.] _b[s.n.] _c1960 (Edinburgh _bLindsay and Co) |
||
| 300 |
_a23p. _c22cm. |
||
| 520 | _aPamphlet giving notice of the Association's annual general meeting that took place at the Imperial hotel, Blackpool on 15 September 1960 at 4.15pm. Includes the agenda, the report of the Council, the revenue account and balance sheet for the year ended 31 December 1959, and the accounts of the Benevolent Fund. Also lists Association publications. | ||
| 690 | _aPROPERTY-PROPERTY VALUATION AND APPRAISAL | ||
| 942 | _n0 | ||
| 999 |
_c105636 _d105636 |
||